[Event "XX Weekend C"]
[Site "Ceriano Laghetto ITA"]
[Date "2011.04.01"]
[Round "1"]
[White "Brignone, Andrea"]
[Black "Ruo, Valentina"]
[Result "1/2-1/2"]
[WhiteElo "1536"]
[BlackElo "1431"]
[PlyCount "46"]
[EventDate "2011.04.01"]

1. e4 e5 2. Nf3 Nc6 3. Bb5 Bc5 4. d3 Nf6 5. c3 d6 6. O-O O-O 7. Bg5 Bg4 8. h3
Bh5 9. Ba4 h6 10. Bh4 a6 11. Bc2 b5 12. b4 Bb6 13. a4 bxa4 14. Bxa4 Nb8 15.
Nbd2 a5 16. Bb3 Nbd7 17. bxa5 Rxa5 18. Rxa5 Bxa5 19. Qa1 c6 20. Bc2 Qc7 21. g4
Bg6 22. Nc4 Ra8 23. Qa3 d5 1/2-1/2

[Event "XX Weekend C"]
[Site "Ceriano Laghetto ITA"]
[Date "2011.04.01"]
[Round "1"]
[White "Capurri, Giancarlo"]
[Black "Vitale, Aurora"]
[Result "1-0"]
[WhiteElo "1480"]
[BlackElo "1398"]
[PlyCount "73"]
[EventDate "2011.04.01"]

1. c4 e6 2. e4 Nc6 3. Nf3 Nf6 4. d3 Bc5 5. Bg5 h6 6. Bd2 Ng4 7. d4 Nxf2 8. Kxf2
Nxd4 9. Be3 Qf6 10. Bxd4 Bxd4+ 11. Qxd4 Qxd4+ 12. Nxd4 O-O 13. Be2 d6 14. Nc3
f5 15. Bf3 c5 16. Ndb5 fxe4 17. Nxe4 d5 18. Nd2 a6 19. Nd6 e5 20. Ke2 e4 21.
Bh5 Bf5 22. g4 Be6 23. Bg6 Bxg4+ 24. Ke3 Rf6 25. Bf7+ Kh8 26. Bxd5 Rxd6 27.
Raf1 Bh3 28. Rf4 Be6 29. Bxe4 Rad8 30. Rf2 b5 31. b3 Re8 32. Rhf1 g6 33. Rf8+
Rxf8 34. Rxf8+ Kh7 35. Rf6 b4 36. Rxg6 a5 37. Rxe6+ 1-0

[Event "XX Weekend C"]
[Site "Ceriano Laghetto ITA"]
[Date "2011.04.01"]
[Round "1"]
[White "Kiszka, Jean Marc"]
[Black "Annoni, Tiziano"]
[Result "0-1"]
[WhiteElo "1419"]
[BlackElo "1500"]
[PlyCount "58"]
[EventDate "2011.04.01"]

1. c4 Nf6 2. Nc3 g6 3. Nf3 Bg7 4. g3 d6 5. Bg2 O-O 6. d3 c6 7. O-O Bg4 8. Re1
Na6 9. a3 Nc7 10. Rb1 Rb8 11. Be3 b6 12. Qa4 d5 13. Bf4 Nh5 14. Be5 f6 15. Bxc7
Qxc7 16. cxd5 Bd7 17. dxc6 Bxc6 18. Qc4+ Kh8 19. Nd4 Rfc8 20. Qxc6 Qe5 21. Qa4
f5 22. Nc6 b5 23. Qc2 Rxc6 24. Bxc6 f4 25. Ne4 fxg3 26. hxg3 Qf5 27. Kg2 Qg4
28. Rg1 Rf8 29. Rbf1 Nf4+ 0-1

[Event "XX Weekend C"]
[Site "Ceriano Laghetto ITA"]
[Date "2011.04.01"]
[Round "1"]
[White "Lamera, Giuseppe"]
[Black "Vitale, Alessandro"]
[Result "0-1"]
[WhiteElo "1432"]
[BlackElo "1551"]
[PlyCount "64"]
[EventDate "2011.04.01"]

1. e4 e5 2. Nf3 d6 3. Bc4 Be6 4. Bxe6 fxe6 5. d4 exd4 6. Nxd4 Qd7 7. Qh5+ g6 8.
Qf3 e5 9. Ne2 Bg7 10. Nbc3 Nf6 11. Bg5 O-O 12. Qg3 Na6 13. a3 Nc5 14. f3 Ne6
15. Bxf6 Rxf6 16. Nd5 Rf7 17. Ng1 c6 18. Ne3 Rc8 19. Nh3 d5 20. Ng5 d4 21. Nxf7
dxe3 22. Rd1 Qxf7 23. O-O e2 24. Rd6 exf1=Q+ 25. Kxf1 Nd4 26. Qg4 Rf8 27. c3
Qc4+ 28. Kf2 Qe2+ 29. Kg3 Qe1+ 30. Kh3 Ne2 31. g3 Qh1 32. Rd2 Ng1+ 0-1

[Event "XX Weekend C"]
[Site "Ceriano Laghetto ITA"]
[Date "2011.04.01"]
[Round "1"]
[White "Nordio, Giorgio"]
[Black "Gianini, Gianluca"]
[Result "0-1"]
[WhiteElo "1425"]
[BlackElo "1473"]
[PlyCount "112"]
[EventDate "2011.04.01"]

1. e4 c5 2. Nf3 d6 3. Nc3 Nf6 4. Bc4 Bg4 5. h3 Bxf3 6. Qxf3 e6 7. d3 Nc6 8. O-O
Nd4 9. Qd1 Be7 10. Be3 Nc6 11. Bb5 Qc7 12. Re1 a6 13. Bc4 b5 14. Bb3 O-O 15. a3
Na5 16. d4 Nxb3 17. cxb3 b4 18. Ne2 Nxe4 19. dxc5 dxc5 20. Bf4 Qb6 21. Ng3 Nd6
22. Ne4 Rfd8 23. Bxd6 Bxd6 24. Nxd6 Rxd6 25. Qc2 Rad8 26. Red1 Rd5 27. Rxd5
exd5 28. Re1 f6 29. Qf5 d4 30. Rd1 Qd6 31. Qf3 d3 32. Qg3 Qd5 33. Qc7 Rd7 34.
Qc8+ Kf7 35. Qxa6 Qxb3 36. Rd2 bxa3 37. Qxa3 Qd5 38. Kf1 c4 39. Qc3 Ra7 40. Kg1
Ra1+ 41. Kh2 Qe5+ 42. Qxe5 fxe5 43. Kg3 Ke6 44. Kf3 Kd5 45. Ke3 Re1+ 46. Kf3
Kd4 47. Kg4 Re2 48. Rd1 Rxf2 49. Kg3 Rxb2 50. Kf3 c3 51. Kg4 c2 52. Rf1 d2 53.
Kg5 c1=Q 54. Kh5 Qxf1 55. Kh4 Qf4+ 56. Kh5 g6# 0-1

[Event "XX Weekend C"]
[Site "Ceriano Laghetto ITA"]
[Date "2011.04.01"]
[Round "1"]
[White "Ruo, Andrea"]
[Black "Ciochetta, Giovanni"]
[Result "1/2-1/2"]
[WhiteElo "1362"]
[BlackElo "1461"]
[PlyCount "49"]
[EventDate "2011.04.01"]

1. e4 e5 2. Nf3 Nc6 3. Bc4 Bc5 4. c3 Nf6 5. d4 exd4 6. cxd4 Bb6 7. Nc3 O-O 8.
O-O d6 9. Bg5 h6 10. Bh4 g5 11. Bg3 Bg4 12. h3 Bh5 13. e5 dxe5 14. dxe5 Nd7 15.
e6 fxe6 16. Bxe6+ Kg7 17. Bxd7 Bxf3 18. gxf3 Qf6 19. Re1 Nd4 20. Be5 Qxe5 21.
Rxe5 Nxf3+ 22. Kg2 Nxe5 23. Ne4 Rad8 24. Qd5 Nxd7 25. Qxb7 1/2-1/2

[Event "XX Weekend C"]
[Site "Ceriano Laghetto ITA"]
[Date "2011.04.01"]
[Round "1"]
[White "Sala, Pierluigi"]
[Black "Aldeghi, Damiano"]
[Result "0-1"]
[WhiteElo "1508"]
[BlackElo "1419"]
[PlyCount "118"]
[EventDate "2011.04.01"]

1. d4 d5 2. Nf3 Nc6 3. Bf4 Nf6 4. e3 a6 5. c4 e6 6. Nc3 Bb4 7. Be2 Ne4 8. Rc1
O-O 9. O-O Nxc3 10. bxc3 Bd6 11. cxd5 exd5 12. Bxd6 Qxd6 13. Qc2 h6 14. Rfe1
Bg4 15. e4 dxe4 16. Qxe4 Be6 17. c4 f5 18. Qd3 Nb4 19. Qb3 a5 20. d5 Bf7 21.
Nd4 Bg6 22. a3 Na6 23. Ne6 Nc5 24. Nxc5 Qxc5 25. Qxb7 Rfb8 26. Qc6 Qxc6 27.
dxc6 Rb3 28. a4 Re8 29. c5 Ra3 30. Bc4+ Kf8 31. Rxe8+ Bxe8 32. Bb5 Bf7 33. g3
Bb3 34. Re1 Bxa4 35. Bxa4 Rxa4 36. Rd1 Rc4 37. Rd8+ Ke7 38. Rd7+ Ke8 39. Rxc7
Rxc5 40. Ra7 Kd8 41. Rxg7 Rxc6 42. Ra7 Rc5 43. h4 Kc8 44. h5 Kb8 45. Rh7 Rc6
46. Rf7 Rc5 47. Rf6 a4 48. Rxh6 Kb7 49. Rg6 a3 50. h6 a2 51. Rg7+ Rc7 52. Rxc7+
Kxc7 53. h7 a1=Q+ 54. Kg2 Qg7 55. Kf3 Qxh7 56. Kf4 Qg6 57. f3 Kd6 58. g4 Ke6
59. gxf5+ Qxf5+ 0-1

[Event "XX Weekend C"]
[Site "Ceriano Laghetto ITA"]
[Date "2011.04.01"]
[Round "1"]
[White "Scotti, Luigi"]
[Black "Vergano, Riccardo"]
[Result "1/2-1/2"]
[WhiteElo "1567"]
[BlackElo "1435"]
[PlyCount "58"]
[EventDate "2011.04.01"]

1. e4 c5 2. Nf3 d6 3. c3 Nf6 4. e5 dxe5 5. Nxe5 e6 6. d4 cxd4 7. cxd4 Bd6 8.
Bb5+ Bd7 9. Nxd7 Nbxd7 10. Nc3 Bb4 11. O-O O-O 12. a3 Bd6 13. Qe2 Qc7 14. f4
Rae8 15. Ne4 Nxe4 16. Qxe4 f5 17. Qd3 a6 18. Bc4 Nb6 19. Ba2 Nd5 20. Bxd5 exd5
21. Bd2 Re4 22. Rac1 Qe7 23. Rce1 Re8 24. Qc3 Re2 25. Rxe2 Qxe2 26. Re1 Qh5 27.
g3 h6 28. Rxe8+ Qxe8 29. Qb3 Qc6 1/2-1/2

[Event "XX Weekend C"]
[Site "Ceriano Laghetto ITA"]
[Date "2011.04.02"]
[Round "2"]
[White "Aldeghi, Damiano"]
[Black "Grigioni, Giulio"]
[Result "0-1"]
[WhiteElo "1419"]
[BlackElo "1440"]
[PlyCount "80"]
[EventDate "2011.04.01"]

1. e4 d6 2. Nf3 Nf6 3. Nc3 g6 4. Bc4 Nxe4 5. Bxf7+ Kxf7 6. Nxe4 e5 7. Nfg5+ Kg7
8. d4 h6 9. Nf3 d5 10. dxe5 Bb4+ 11. c3 dxe4 12. Qxd8 Rxd8 13. Nd4 Rxd4 14.
cxb4 Nc6 15. Bf4 g5 16. Bg3 Nxb4 17. O-O Nd3 18. Rad1 c5 19. b3 Bg4 20. Rd2 Re8
21. h3 Bh5 22. h4 g4 23. Rfd1 Bg6 24. Kf1 h5 25. Ke2 Red8 26. Bh2 Kf7 27. Ke3
Ke6 28. Bg3 Nxe5 29. Rxd4 cxd4+ 30. Rxd4 Rxd4 31. Kxd4 Nc6+ 32. Kc5 Ne5 33. Kd4
Nd3 34. a4 Kf5 35. f3 gxf3 36. gxf3 exf3 37. Kxd3 Kg4+ 38. Ke3 Kxg3 39. a5 f2
40. Ke2 Kg2 0-1

[Event "XX Weekend C"]
[Site "Ceriano Laghetto ITA"]
[Date "2011.04.02"]
[Round "2"]
[White "Annoni, Tiziano"]
[Black "Capurri, Giancarlo"]
[Result "1-0"]
[WhiteElo "1500"]
[BlackElo "1480"]
[PlyCount "90"]
[EventDate "2011.04.01"]

1. e4 e5 2. Nf3 d6 3. d4 Be7 4. dxe5 Bg4 5. exd6 cxd6 6. Be2 Nc6 7. Nc3 Bf6 8.
Nd5 Rc8 9. c3 Be6 10. O-O Bxd5 11. exd5 Ne5 12. Qa4+ Nd7 13. Qxa7 Rc7 14. Qe3+
Ne7 15. Nd4 O-O 16. Bf3 Ne5 17. Be4 Re8 18. Nf3 Nd7 19. Re1 Nxd5 20. Bxh7+ Kf8
21. Qxe8+ Qxe8 22. Rxe8+ Kxe8 23. Be4 N5b6 24. Be3 Nc4 25. Rb1 Nxe3 26. fxe3
Nc5 27. Bd5 Re7 28. Kf2 g5 29. Nd4 Be5 30. Nf5 Rd7 31. h3 Kf8 32. Rd1 Na4 33.
Rd2 Nb6 34. Bb3 Kg8 35. g3 Kh7 36. h4 Kg6 37. Bc2 Kh5 38. hxg5 Kxg5 39. Bd3 Nc8
40. Kf3 Ne7 41. Nxe7 Rxe7 42. Rh2 f5 43. Rh4 Rf7 44. Rb4 Rh7 45. Kg2 Rh3 1-0

[Event "XX Weekend C"]
[Site "Ceriano Laghetto ITA"]
[Date "2011.04.02"]
[Round "2"]
[White "Ciochetta, Giovanni"]
[Black "Brignone, Andrea"]
[Result "1/2-1/2"]
[WhiteElo "1461"]
[BlackElo "1536"]
[PlyCount "126"]
[EventDate "2011.04.01"]

1. e4 c5 2. Nc3 Nc6 3. Bc4 d6 4. a3 Nf6 5. d3 a6 6. h3 e6 7. Bg5 Be7 8. Nf3 h6
9. Bh4 b5 10. Ba2 O-O 11. O-O Nd7 12. Bxe7 Qxe7 13. Re1 Qd8 14. Ne2 Bb7 15. Ng3
Nf6 16. Qd2 d5 17. e5 Nd7 18. Re2 Qc7 19. Rae1 d4 20. Qf4 Ne7 21. Nh5 Ng6 22.
Qg3 Bxf3 23. gxf3 Kh8 24. f4 Nb6 25. Bxe6 Rg8 26. Ba2 Nf8 27. Kh2 c4 28. Rg1 g6
29. Nf6 Rg7 30. Qh4 h5 31. f5 Nbd7 32. f4 Nxf6 33. exf6 Rg8 34. Reg2 Re8 35.
fxg6 fxg6 36. Kh1 Qf7 37. Qg5 Re3 38. Kh2 Qd7 39. Qh4 Kh7 40. dxc4 Ne6 41. f5
Qd6+ 42. Kh1 Nf4 43. fxg6+ Kh8 44. g7+ Kh7 45. Rg3 Qc6+ 46. R1g2 Rxg3 47. Qxg3
Nxg2 48. Qxg2 Qxf6 49. cxb5 Rxg7 50. Qe4+ Rg6 51. Qb7+ Kh6 52. Qf7 Qg5 53. Qf8+
Kh7 54. Qf7+ Rg7 55. Qf1 axb5 56. Bb1 Qd5+ 57. Kh2 Qe5+ 58. Kh1 Qd5+ 59. Kh2
Qe5+ 60. Kh1 Qe4+ 61. Kh2 Qe5+ 62. Kh1 Qe4+ 63. Kh2 Qe5+ 1/2-1/2

[Event "XX Weekend C"]
[Site "Ceriano Laghetto ITA"]
[Date "2011.04.02"]
[Round "2"]
[White "Gianini, Gianluca"]
[Black "Giametta, Pasquale"]
[Result "1-0"]
[WhiteElo "1473"]
[BlackElo "1413"]
[PlyCount "63"]
[EventDate "2011.04.01"]

1. e4 e5 2. Nf3 Nf6 3. Nc3 c6 4. Nxe5 d5 5. exd5 cxd5 6. d4 Bd7 7. Bg5 Be7 8.
Bxf6 Bxf6 9. Nxd5 Qa5+ 10. Nc3 Nc6 11. Nxc6 Bxc6 12. Qe2+ Be7 13. Qe5 Qb4 14.
O-O-O O-O 15. d5 Bd6 16. Qd4 Bf4+ 17. Kb1 Qxd4 18. Rxd4 Rfe8 19. dxc6 bxc6 20.
Bc4 Bxh2 21. Rxh2 Re1+ 22. Nd1 c5 23. Rd5 g6 24. Kc1 Rae8 25. Rd7 R8e4 26.
Bxf7+ Kf8 27. Rxh7 c4 28. Bxg6 Re7 29. Rd8+ Re8 30. Bxe8 Rxe8 31. Rh8+ Ke7 32.
Rhxe8+ 1-0

[Event "XX Weekend C"]
[Site "Ceriano Laghetto ITA"]
[Date "2011.04.02"]
[Round "2"]
[White "Ruo, Valentina"]
[Black "Sala, Pierluigi"]
[Result "1-0"]
[WhiteElo "1431"]
[BlackElo "1508"]
[PlyCount "83"]
[EventDate "2011.04.01"]

1. e4 c5 2. Nf3 d6 3. d4 cxd4 4. Nxd4 Nc6 5. Bb5 Bd7 6. Nc3 e5 7. Nxc6 bxc6 8.
Bc4 Nf6 9. Bg5 Bg4 10. Bxf6 Qxf6 11. Qxg4 h5 12. Qg3 Rb8 13. Na4 Rh6 14. Ba6
Qd8 15. b3 Qa5+ 16. Qc3 Qxa6 17. Nb2 Be7 18. Nc4 Bd8 19. O-O Rf6 20. Qg3 Rg6
21. Qf3 h4 22. h3 Qc8 23. Qf5 Qc7 24. Rad1 Be7 25. f4 exf4 26. Qxf4 Rb5 27.
Qxf7+ Kd7 28. Qxg6 Rg5 29. Qf7 d5 30. exd5 cxd5 31. Rxd5+ Rxd5 32. Qxd5+ Kc8
33. Qg8+ Kb7 34. Qd5+ Kb8 35. Rf7 g5 36. Qb5+ Kc8 37. Rg7 Bc5+ 38. Kf1 Qf4+ 39.
Ke1 Qc1+ 40. Ke2 Qxc2+ 41. Nd2 Qf5 42. Qe8# 1-0

[Event "XX Weekend C"]
[Site "Ceriano Laghetto ITA"]
[Date "2011.04.02"]
[Round "2"]
[White "Vergano, Riccardo"]
[Black "Ruo, Andrea"]
[Result "1-0"]
[WhiteElo "1435"]
[BlackElo "1362"]
[PlyCount "83"]
[EventDate "2011.04.01"]

1. d4 e6 2. c4 d5 3. Nc3 Nf6 4. Bg5 Be7 5. Nf3 h6 6. Bh4 c6 7. e3 Qa5 8. Bd3
dxc4 9. Bc2 Nd5 10. Qd2 Bb4 11. O-O Bxc3 12. bxc3 Qxc3 13. Qe2 Nd7 14. e4 Nf4
15. Qd1 b5 16. Bg3 Ng6 17. Bd6 b4 18. e5 Nf4 19. g3 b3 20. axb3 cxb3 21. Bxb3
Ba6 22. Rxa6 Nd3 23. Bc2 Nb4 24. Bxb4 Qxb4 25. Ba4 O-O 26. Rxc6 Nb6 27. Bb3 a5
28. Ba2 a4 29. Qc2 Rfc8 30. Rb1 Qa5 31. Rbxb6 Qxb6 32. Rxc8+ Rxc8 33. Qxc8+ Kh7
34. Qd7 Qb2 35. Qxa4 Qc1+ 36. Kg2 Qa1 37. Bb3 Qxa4 38. Bxa4 f5 39. exf6 gxf6
40. Bd7 e5 41. dxe5 fxe5 42. Nxe5 1-0

[Event "XX Weekend C"]
[Site "Ceriano Laghetto ITA"]
[Date "2011.04.02"]
[Round "2"]
[White "Vitale, Alessandro"]
[Black "Bernardi, Fausto"]
[Result "0-1"]
[WhiteElo "1551"]
[BlackElo "1383"]
[PlyCount "90"]
[EventDate "2011.04.01"]

1. e4 e5 2. Nf3 d6 3. Nc3 Nf6 4. Bc4 Bg4 5. d3 Be7 6. h3 Bh5 7. g4 Bg6 8. Qe2
Nc6 9. Be3 Qd7 10. O-O-O O-O 11. Nh4 Kh8 12. Rdg1 Na5 13. Bb3 Nxb3+ 14. axb3 c6
15. f3 b5 16. Nf5 Bxf5 17. gxf5 Ne8 18. h4 a5 19. h5 h6 20. Qd2 Kh7 21. f4 Bf6
22. Bf2 exf4 23. Bh4 Bd4 24. Rg4 Be3 25. Qxe3 fxe3 26. Rhg1 f6 27. Ne2 a4 28.
bxa4 Rxa4 29. Kd1 Ra1+ 30. Nc1 c5 31. c3 b4 32. c4 Rf7 33. Bg3 Qa4+ 34. Ke2
Qc2+ 35. Kxe3 Rxc1 36. Be1 Qb1 37. Ke2 Qxb2+ 38. Ke3 Qd4+ 39. Kf3 Qxd3+ 40. Kg2
Qe2+ 41. Kh1 Rxe1 42. Rxe1 Qxe1+ 43. Rg1 Qxe4+ 44. Rg2 Ra7 45. Kh2 Qh4+ 0-1

[Event "XX Weekend C"]
[Site "Ceriano Laghetto ITA"]
[Date "2011.04.02"]
[Round "2"]
[White "Vitale, Piero"]
[Black "Scotti, Luigi"]
[Result "0-1"]
[WhiteElo "1383"]
[BlackElo "1567"]
[PlyCount "74"]
[EventDate "2011.04.01"]

1. Nf3 Nf6 2. d4 d6 3. Nc3 g6 4. e4 Nbd7 5. Bc4 Bg7 6. Ng5 O-O 7. O-O e5 8. d5
a6 9. a3 b5 10. Bd3 Nc5 11. b4 Nxd3 12. Qxd3 h6 13. Nf3 Kh7 14. h3 Nh5 15. Ne2
f5 16. Ra2 fxe4 17. Qxe4 Bf5 18. Qe3 Nf6 19. Nc3 Bd7 20. Rd1 Nh5 21. Ne4 Nf4
22. Kh2 g5 23. g3 Nxh3 24. c3 Qc8 25. Kg2 Bg4 26. Nh2 Bxd1 27. f3 Qf5 28. Qd3
Bb3 29. g4 Nf4+ 30. Bxf4 Qxf4 31. Nd2+ e4 32. Nxe4 Kh8 33. Ra1 Bc4 34. Qd2 Be5
35. Rh1 Bxd5 36. Qe2 Bxe4 37. fxe4 Qg3# 0-1

[Event "XX Weekend C"]
[Site "Ceriano Laghetto ITA"]
[Date "2011.04.02"]
[Round "3"]
[White "Bernardi, Fausto"]
[Black "Vergano, Riccardo"]
[Result "0-1"]
[WhiteElo "1383"]
[BlackElo "1435"]
[PlyCount "90"]
[EventDate "2011.04.01"]

1. Nf3 d5 2. d4 Nf6 3. e3 Bg4 4. Be2 e6 5. O-O Nc6 6. c4 Be7 7. Nc3 O-O 8. b3
Ne4 9. Nxe4 dxe4 10. Nd2 Bxe2 11. Qxe2 f5 12. Bb2 Bf6 13. f3 exf3 14. Nxf3 Qe7
15. a3 Rad8 16. a4 Rf7 17. Rfe1 Qb4 18. Qc2 Na5 19. Nd2 c5 20. Ba3 Qb6 21. Bxc5
Qa6 22. b4 b6 23. b5 Qc8 24. Bb4 Nb7 25. Rec1 Rc7 26. Nb3 Be7 27. Bd2 Rcd7 28.
a5 Qc7 29. axb6 axb6 30. Rf1 Bd6 31. h3 Rf7 32. e4 Bg3 33. Bg5 Rdf8 34. e5 f4
35. Nd2 h6 36. Bxh6 gxh6 37. Ne4 Bh4 38. Nd6 Nxd6 39. exd6 Qxd6 40. Qg6+ Rg7
41. Qe4 Bg3 42. c5 bxc5 43. dxc5 Qd2 44. Qxe6+ Kh8 45. Rfd1 Bh2+ 0-1

[Event "XX Weekend C"]
[Site "Ceriano Laghetto ITA"]
[Date "2011.04.02"]
[Round "3"]
[White "Capurri, Giancarlo"]
[Black "Aldeghi, Damiano"]
[Result "1-0"]
[WhiteElo "1480"]
[BlackElo "1419"]
[PlyCount "139"]
[EventDate "2011.04.01"]

1. c4 Nf6 2. d4 d5 3. c5 Nc6 4. Nc3 e5 5. e3 Bf5 6. Be2 exd4 7. exd4 Be7 8. g4
Be4 9. f3 Bg6 10. Nh3 O-O 11. a3 Qd7 12. Nf4 h6 13. Be3 b6 14. b4 Bh7 15. Bf2
g5 16. Nd3 a6 17. Be3 Qe6 18. Qd2 Nd7 19. O-O Bf6 20. Nf2 Rae8 21. Nfd1 b5 22.
Re1 Re7 23. Ra2 Rfe8 24. Bf2 Nf8 25. Rb2 Ng6 26. a4 Qd7 27. axb5 axb5 28. Bxb5
Rxe1+ 29. Bxe1 Nf4 30. Bf2 Qe6 31. Kf1 Re7 32. Bxc6 Qxc6 33. Ne3 Bd3+ 34. Kg1
Bc4 35. Kh1 Qe6 36. Nxc4 dxc4 37. Ne4 Bg7 38. Be3 Rd7 39. Rc2 Qd5 40. Bxf4 gxf4
41. Qxf4 Qxd4 42. Kg2 Qd1 43. Rd2 Rxd2+ 44. Qxd2 Qxd2+ 45. Nxd2 c3 46. Nb3 c2
47. Kf2 Bb2 48. Ke2 c1=Q 49. Nxc1 Bxc1 50. Kd3 Kg7 51. Kc4 Kf6 52. Kd5 Ke7 53.
h4 Bf4 54. Ke4 Bd2 55. b5 Bb4 56. Kd5 Kd7 57. f4 Ba3 58. g5 h5 59. f5 Bb4 60.
g6 fxg6 61. f6 Ke8 62. b6 cxb6 63. cxb6 Kd8 64. Ke6 Kc8 65. Kf7 g5 66. hxg5 h4
67. g6 h3 68. g7 h2 69. g8=Q+ Kb7 70. Qg2+ 1-0

[Event "XX Weekend C"]
[Site "Ceriano Laghetto ITA"]
[Date "2011.04.02"]
[Round "3"]
[White "Giametta, Pasquale"]
[Black "Vitale, Alessandro"]
[Result "0-1"]
[WhiteElo "1413"]
[BlackElo "1551"]
[PlyCount "100"]
[EventDate "2011.04.01"]

1. e4 c5 2. c3 e5 3. Nf3 Nc6 4. d4 cxd4 5. cxd4 exd4 6. Nxd4 Bc5 7. Be3 Qb6 8.
Bc4 Bxd4 9. Bxd4 Qxd4 10. Qb3 Qxe4+ 11. Be2 Nd4 12. Qd1 Qxe2+ 13. Qxe2+ Nxe2
14. Kxe2 Nf6 15. Nc3 O-O 16. Rhe1 b6 17. Kf1 Ba6+ 18. Kg1 Rfe8 19. a4 d5 20.
Nb5 Bxb5 21. axb5 g6 22. g3 Kf8 23. Rec1 d4 24. f3 Re7 25. Rc6 Re6 26. Rc7 d3
27. Rd1 Rd8 28. Rxa7 Re2 29. Kf1 Rxb2 30. Ra3 Rxb5 31. Rdxd3 Rxd3 32. Rxd3 Rd5
33. Ra3 b5 34. Ra8+ Ke7 35. Rb8 Nd7 36. Rb7 Kd6 37. Ra7 b4 38. Ra6+ Kc7 39. Ra1
Kb6 40. Ke2 b3 41. Rb1 Nc5 42. Rb2 Kb5 43. Rb1 Kb4 44. Ra1 Na4 45. Rc1 Rc5 46.
Kd2 Rxc1 47. Kxc1 b2+ 48. Kc2 Ka3 49. Kb1 Kb3 50. h4 Nc3# 0-1

[Event "XX Weekend C"]
[Site "Ceriano Laghetto ITA"]
[Date "2011.04.02"]
[Round "3"]
[White "Grigioni, Giulio"]
[Black "Gianini, Gianluca"]
[Result "1-0"]
[WhiteElo "1440"]
[BlackElo "1473"]
[PlyCount "103"]
[EventDate "2011.04.01"]

1. e4 c5 2. d3 d6 3. Nf3 Bg4 4. Be3 Nf6 5. Nbd2 e6 6. h3 Bxf3 7. Qxf3 Nc6 8. c3
Be7 9. g4 Qb6 10. Rb1 Ne5 11. Qe2 h6 12. Bg2 Qa6 13. O-O Qxd3 14. Qxd3 Nxd3 15.
f4 O-O-O 16. b4 b6 17. Rfd1 e5 18. f5 g6 19. Nc4 Nf4 20. Bxf4 exf4 21. e5 Ne8
22. bxc5 dxc5 23. f6 Bf8 24. a4 g5 25. Bd5 h5 26. Bxf7 hxg4 27. Rxd8+ Kxd8 28.
Rd1+ Kc7 29. hxg4 Nxf6 30. exf6 Rh3 31. Ne5 Bd6 32. Rxd6 Kxd6 33. Bh5 Rxh5 34.
gxh5 Ke6 35. Ng4 Kf7 36. Kf2 a6 37. c4 a5 38. Kf3 b5 39. cxb5 c4 40. Ne5+ Kxf6
41. Nxc4 Kf5 42. Nd6+ Kf6 43. b6 Kg7 44. b7 Kh6 45. Kg4 Kg7 46. b8=Q f3 47.
Kxf3 g4+ 48. Kxg4 Kf6 49. Qe8 Kg7 50. Kg5 Kh7 51. Qg6+ Kh8 52. Nf7# 1-0

[Event "XX Weekend C"]
[Site "Ceriano Laghetto ITA"]
[Date "2011.04.02"]
[Round "3"]
[White "Kiszka, Jean Marc"]
[Black "Sala, Pierluigi"]
[Result "1/2-1/2"]
[WhiteElo "1419"]
[BlackElo "1508"]
[PlyCount "84"]
[EventDate "2011.04.01"]

1. c4 g6 2. Nc3 Bg7 3. Nf3 Nf6 4. g3 b6 5. Bg2 Bb7 6. O-O O-O 7. d3 d6 8. Rb1
Nbd7 9. b4 Re8 10. Bb2 e5 11. e3 c5 12. a3 Rb8 13. Nb5 Bf8 14. Nxa7 cxb4 15.
Nb5 bxa3 16. Bxa3 Nc5 17. Bxc5 dxc5 18. Nc3 Bh6 19. Qc2 e4 20. dxe4 Nxe4 21.
Rbd1 Qe7 22. Nd2 Nxc3 23. Qxc3 Bg7 24. Qc2 Bc8 25. Qe4 Be6 26. Qc2 Bg4 27. Nf3
Ra8 28. h3 Bd7 29. Qe2 Ra7 30. Rb1 Rb8 31. Rfd1 Ba4 32. Rd3 Bc6 33. Nd2 Bxg2
34. Kxg2 Ra2 35. Qf3 Rd8 36. Rxd8+ Qxd8 37. Ne4 f5 38. Rd1 Qa8 39. Nd6 Qxf3+
40. Kxf3 Ra8 41. Nb5 Bf8 42. Rb1 Be7 1/2-1/2

[Event "XX Weekend C"]
[Site "Ceriano Laghetto ITA"]
[Date "2011.04.03"]
[Round "3"]
[White "Nordio, Giorgio"]
[Black "Gonella, Graziano"]
[Result "1-0"]
[WhiteElo "1425"]
[BlackElo "1239"]
[PlyCount "112"]
[EventDate "2011.04.01"]

1. e4 Nc6 2. d4 d5 3. e5 f6 4. exf6 Nxf6 5. Nf3 Bg4 6. Be3 e5 7. Be2 exd4 8.
Nxd4 Bxe2 9. Nxe2 Be7 10. O-O O-O 11. Nbc3 Bd6 12. Nxd5 Bxh2+ 13. Kxh2 Qd6+ 14.
Kg1 Nxd5 15. Bd2 Rad8 16. Re1 Rf5 17. Ng3 Re5 18. Rxe5 Nxe5 19. Qe2 Qe6 20. Re1
Re8 21. f4 Qg4 22. Qxg4 Nxg4 23. Rxe8+ Kf7 24. Re4 Ngf6 25. Rc4 b5 26. Rd4 g6
27. f5 c5 28. Rd3 c4 29. Rd4 a6 30. Bg5 Nb4 31. c3 Nxa2 32. Rd1 b4 33. Ra1 b3
34. Kf2 gxf5 35. Nxf5 Ne4+ 36. Ke3 Nxg5 37. Kd4 Kf6 38. Ne3 Ne6+ 39. Kxc4 Nc7
40. Kxb3 Nxc3 41. Kxc3 Nb5+ 42. Kd3 Ke5 43. Rxa6 Kf4 44. Rb6 Nc7 45. Rd6 Ne8
46. Rd7 Nf6 47. Ke2 Kg5 48. b4 Kg6 49. Rc7 Ne8 50. Rc6+ Kf7 51. b5 h5 52. b6
Ke7 53. b7 Kd7 54. Rc3 Nf6 55. b8=Q Ng4 56. Nxg4 hxg4 1-0

[Event "XX Weekend C"]
[Site "Ceriano Laghetto ITA"]
[Date "2011.04.02"]
[Round "3"]
[White "Ruo, Andrea"]
[Black "Vitale, Piero"]
[Result "1/2-1/2"]
[WhiteElo "1362"]
[BlackElo "1383"]
[PlyCount "87"]
[EventDate "2011.04.01"]

1. e4 c5 2. Nf3 e6 3. d4 Nc6 4. Bc4 Nge7 5. dxc5 Qa5+ 6. Nc3 Qxc5 7. Bd3 Ng6 8.
Be3 Qe7 9. Qd2 h6 10. O-O Nge5 11. Be2 Nxf3+ 12. Bxf3 Ne5 13. Qe2 Qb4 14. Rab1
b6 15. a3 Qa5 16. Bf4 Ng6 17. Bg3 Ba6 18. Qd2 Bxf1 19. Rxf1 Bc5 20. b4 Bxf2+
21. Bxf2 Qxa3 22. Rd1 O-O 23. e5 Rac8 24. Ne4 Nxe5 25. c3 Nc4 26. Qxd7 Rfd8 27.
Qxd8+ Rxd8 28. Rxd8+ Kh7 29. Be2 Nb2 30. h3 Qa2 31. Rd2 Qa1+ 32. Kh2 f5 33. Nd6
Qc1 34. Be3 Qxc3 35. Bf4 g5 36. Nb5 Qf6 37. Rd7+ Kg6 38. Bg3 Na4 39. Bd6 Nc3
40. Nc7 Qd4 41. Nxe6 Qh4 42. g3 Qe4 43. Nf8+ Kf6 44. Bh5 1/2-1/2

[Event "XX Weekend C"]
[Site "Ceriano Laghetto ITA"]
[Date "2011.04.02"]
[Round "3"]
[White "Scotti, Luigi"]
[Black "Ruo, Valentina"]
[Result "1-0"]
[WhiteElo "1567"]
[BlackElo "1431"]
[PlyCount "77"]
[EventDate "2011.04.01"]

1. e4 e5 2. Nf3 Nc6 3. Bb5 Nf6 4. O-O Bc5 5. d3 d6 6. h3 Bd7 7. c4 O-O 8. Nbd2
a6 9. Ba4 b5 10. Bc2 Nh5 11. b4 Bb6 12. Nb3 Ne7 13. d4 Ng6 14. dxe5 dxe5 15.
Nc5 Bxc5 16. bxc5 Qc8 17. Kh2 Nhf4 18. Bxf4 Nxf4 19. Ng1 g5 20. Qf3 Kh8 21. g4
Ne6 22. Qf6+ Kg8 23. Nf3 a5 24. Nxe5 Be8 25. Rad1 b4 26. a3 Ra7 27. axb4 axb4
28. Bb3 Ra5 29. c6 Ng7 30. Nd7 Ne6 31. Nxf8 Kxf8 32. Qh8+ Ke7 33. Rd5 Rxd5 34.
exd5 Nd4 35. Qe5+ Kf8 36. Qxd4 Qa6 37. Qh8+ Ke7 38. Re1+ Kd8 39. Rxe8# 1-0

[Event "XX Weekend C"]
[Site "Ceriano Laghetto ITA"]
[Date "2011.04.02"]
[Round "3"]
[White "Vitale, Aurora"]
[Black "Ciochetta, Giovanni"]
[Result "0-1"]
[WhiteElo "1398"]
[BlackElo "1461"]
[PlyCount "136"]
[EventDate "2011.04.01"]

1. e4 e5 2. Nf3 Nc6 3. Nc3 Bc5 4. Bc4 h6 5. Nd5 Nf6 6. Nxf6+ Qxf6 7. d3 d6 8.
Qe2 Bg4 9. Be3 Nd4 10. Bxd4 Bxd4 11. c3 Bb6 12. h3 Bh5 13. g4 Bg6 14. O-O-O O-O
15. Rhg1 a6 16. g5 hxg5 17. Nxg5 Qxf2 18. Qxf2 Bxf2 19. Rg2 Be3+ 20. Kb1 Bxg5
21. Rxg5 c6 22. h4 Kh7 23. Rdg1 Kh6 24. h5 Bxh5 25. Rxg7 Bg6 26. R1xg6+ fxg6
27. Rxb7 Rab8 28. Ra7 Rf1+ 29. Kc2 Rf2+ 30. Kc1 Rfxb2 31. d4 Rb1+ 32. Kd2 R8b2+
33. Ke3 Re1+ 34. Kd3 exd4 35. cxd4 Rd1+ 36. Kc3 Rbd2 37. Bb3 Rd3+ 38. Kb2 R1d2+
39. Kc1 Rxd4 40. Rxa6 c5 41. a4 Re2 42. Bd5 Re3 43. a5 Ra4 44. Kd2 Rea3 45.
Rxd6 Rxa5 46. e5 c4 47. e6 Rd3+ 48. Kc2 Rdxd5 49. e7 Re5 50. Rd7 Ra2+ 51. Kd1
Rae2 52. Rc7 R2e4 53. Kc2 Rxe7 54. Rxe7 Rxe7 55. Kc3 Re4 56. Kd2 g5 57. Kc2 g4
58. Kb2 g3 59. Ka3 g2 60. Ka4 g1=Q 61. Ka5 Qg5+ 62. Kb4 Qd2+ 63. Kc5 Qd4+ 64.
Kb4 c3+ 65. Kb3 Qc4+ 66. Kc2 Re2+ 67. Kc1 Qf4+ 68. Kd1 Qf1# 0-1